Pays où l'homosexualité est illégale - Statistiques

Statistiques générales
  • Ce quiz a été pris 673 fois
    123 depuis la dernière actualisation
  • Le résultat moyen est 27 sur 60
Statistiques - réponses
Nombre Pays % Correct
3 Maroc
94%
4 Algérie
93%
5 Tunisie
89%
33 Arabie Saoudite
87%
38 Iran
87%
7 Egypte (de facto)
78%
60 Irak
78%
39 Afghanistan
74%
9 Sénégal
70%
42 Pakistan
69%
36 Emirats arabes unis
66%
16 Nigeria
64%
6 Libye
63%
59 Syrie
63%
34 Yémen
62%
22 Somalie
60%
19 Soudan
60%
8 Mauritanie
58%
37 Qatar
58%
35 Oman
55%
23 Ethiopie
51%
17 Cameroun
47%
11 Guinée
47%
25 Kenya
47%
32 Koweït
47%
21 Erythrée
46%
41 Ouzbékistan
46%
18 Tchad
46%
20 Soudan du Sud
45%
24 Ouganda
44%
40 Turkménistan (pour les hommes)
44%
44 Bangladesh
43%
14 Ghana
40%
15 Togo
39%
47 Malaisie
38%
13 Liberia
37%
27 Tanzanie
36%
58 Comores
35%
10 Gambie
35%
48 Brunei
34%
30 Zimbabwe (pour les hommes)
34%
46 Myanmar
33%
28 Zambie
33%
45 Maldives
31%
12 Sierra Leone (pour les hommes)
31%
43 Sri Lanka
30%
29 Malawi
28%
26 Burundi
27%
1 Jamaïque (pour les hommes)
24%
31 Eswatini (pour les hommes)
20%
49 Papouasie-nouvelle-guinée (pour les hommes)
19%
52 Tonga (pour les hommes)
17%
2 Guyana
16%
51 Kiribati (pour les hommes)
16%
53 Samoa (pour les hommes)
15%
54 Tuvalu (pour les hommes)
15%
50 Salomon
12%
55 Grenade (pour les hommes)
10%
57 Saint-Vincent-et-les-Grenadines
10%
56 Sainte-Lucie (pour les hommes)
9%
Aucun quiz correspondant
Distribution des résultats
% des personnes avec chaque résultat
Percentile par nombre de réponses
Votre historique - résultats
Vous n’avez pas pris ce quiz depuis la dernière actualisation